|
|
|
|
| LEADER |
01095nam a2200265 a 4500 |
| 001 |
GR-MES13281 |
| 008 |
071002s gw b 001 0 gre d |
| 020 |
|
|
|a 354020833X
|
| 040 |
|
|
|a GrPaTEI
|b gre
|c GR-PaULI
|
| 040 |
|
|
|a GrPaTEI
|b gre
|c GR-PaULI
|
| 082 |
|
0 |
|a 581.7
|2 21
|
| 100 |
1 |
|
|a Schulze, Ernst-Detlef
|
| 245 |
1 |
0 |
|a Plant ecology /
|c Ernst-Detlef Schulze, Erwin Beck, Klaus Müler-Hohenstein.
|
| 260 |
|
|
|a Berlin :
|b Springer,
|c c2005
|
| 300 |
|
|
|a ix, 702σ. :
|b εικ. ;
|c 28εκ.
|
| 500 |
|
|
|a Original title: Pflanzenökologie
|
| 504 |
|
|
|a Περιλαμβάνει βιβλιογραφίες και ευρετήριο.
|
| 650 |
|
0 |
|a Plant ecology
|
| 650 |
|
4 |
|a Οικολογία Φυτών
|
| 700 |
1 |
|
|a Beck, Erwin
|
| 700 |
1 |
|
|a Müller-Hohenstein, Klaus
|
| 942 |
|
|
|2 ddc
|
| 952 |
|
|
|0 0
|1 0
|2 ddc
|4 0
|6 581_700000000000000_SCH
|7 0
|9 271792
|a MSLG
|b MSLG
|c BSC
|d 2021-01-17
|e 24
|f 0
|g 0.00
|l 0
|o 581.7 SCH
|p 2420000022691
|r 2021-01-17 00:00:00
|t 1
|v 2021.00
|w 2021-01-17
|y BK15
|x Μεταφορά από Αμαλιάδα (18/10/22)
|x GrPaTEI
|
| 971 |
|
|
|a .b25793299
|b 15-04-20
|c 13-09-16
|
| 999 |
|
|
|c 157063
|d 157063
|